| 000 | 006570000a22002050004500 | ||
|---|---|---|---|
| 090 |
_aAR _b02007 |
||
| 245 | 1 | 0 | _aPostfire environment and earthworm populations in tallgrass prairie |
| 650 | 1 | 4 |
_aAnálisis del suelo _9286 |
| 650 | 1 | 4 |
_aPraderas _993783 |
| 650 | 1 | 4 |
_aFuego _916924 |
| 650 | 1 | 4 |
_aBiología _992 |
| 650 | 1 | 4 |
_aEcología _992250 |
| 651 | 4 |
_lReserva Natural Konsa Prairie _mManhattan _dKansas _pEstados Unidos _992749 |
|
| 653 |
_gDiplocardia _eDiplocardia smithii |
||
| 653 |
_gDiplocardia _eDiplocardia verrucosa |
||
| 041 | 0 | _aInglés | |
| 100 | 1 |
_aJames, Samuel W. _995450 |
|
| 942 | _cARTICULO | ||
| 773 | 1 |
_tEcology _357 _h2 _q476-483 _d1988 _g69 |
|
| 999 |
_c11084 _d11084 |
||